000 00998cab a2200253 4500
001 ABS38248
008 090401t1987 xxu||||| |||| 00| 0 eng d
035 _a(Sirsi) u9520
041 _aeng
100 _aBar-Hillel, Mira
245 _aAttacking the system
260 _c1987
350 _a0
490 _aChartered Surveyor Weekly
_v21(4) 22 October 1987, 27-28(2)
520 _aReviews the findings of twin studies by the BRE into the construction of large panel system dwellings. The investigation covered the following systems: Balency , Bison , Bryant low-rise, Camus , Cebus , HSSB (High Speed System Build), Jesperson , Reema , Shepherd `s Spacemaker, Skarne , Tracoba , Wates and the Yorkshire Design Group , looking at the problems attached to each.
650 _aCONCRETE
650 _aDEFECTIVE DWELLINGS
650 _aHOUSING
650 _aPRC HOUSES
650 _aSYSTEM BUILDING
690 _aBUILT ENVIRONMENT-BUILDING PATHOLOGY
942 _n0
948 _c04/03/1997
999 _c5959
_d5959